Report on indebtedness survey among rural population of Himachal Pradesh (Record no. 499061)

000 -LEADER
fixed length control field 00447cam a22001097a 4500
008 - FIXED-LENGTH DATA ELEMENTS--GENERAL INFORMATION
fixed length control field 180718b xxu||||| |||| 00| 0 eng d
082 ## - DEWEY DECIMAL CLASSIFICATION NUMBER
Classification number XA94068x5462 R
245 ## - TITLE STATEMENT
Title Report on indebtedness survey among rural population of Himachal Pradesh
Statement of responsibility, etc. by Directorate of Economics and Statistics, Himachal Pradesh
260 ## - PUBLICATION, DISTRIBUTION, ETC.
Place of publication, distribution, etc. Shimla
Name of publisher, distributor, etc. Directorate of Economics and Statistics
Date of publication, distribution, etc.
300 ## - PHYSICAL DESCRIPTION
Extent 56p.
700 ## - ADDED ENTRY--PERSONAL NAME
Personal name Himachal Pradesh.Directorate of Economics and Statistics
Holdings
Withdrawn status Lost status Damaged status Not for loan Permanent Location Current Location Date acquired Full call number Barcode Date last seen Price effective from Koha item type
        Indian Institute of Public Administration Indian Institute of Public Administration 2018-08-04 XA94068x5462 R GG19656 2018-08-04 2018-08-04 GG

Powered by Koha